000 00618nam a2200181Ia 4500
008 090124s9999 xx 000 0 und d
082 _b20441
_a386
100 _aसुंठणकर शां.श्री.
245 _a मुख - सामुद्रिक - विधा
250 _a3
260 _c1974
300 _a96
600 _aसुंठणकर शां.श्री.
630 _a मुख - सामुद्रिक - विधा
700 _aसुंठणकर शां.श्री.
730 _a मुख - सामुद्रिक - विधा
942 _cBOOK
999 _c134247
_d134247